| Tag |
First Indicator |
Second Indicator |
Subfields |
| LEADER |
00000pam a2200000 a 4500 |
| 001 |
in00000632467 |
| 005 |
20151015052630.0 |
| 008 |
800609s1981 nyu b 00110aengm |
| 010 |
|
|
|a 80036818
|
| 020 |
|
|
|a 0231046227
|
| 035 |
|
|
|a (OCoLC)06487725
|
| 035 |
|
|
|9 ACU2382AM
|
| 040 |
|
|
|a DLC
|c DLC
|d m.c.
|d TXA
|d UtOrBLW
|
| 041 |
1 |
|
|a eng
|a rus
|
| 043 |
|
|
|a e-ur---
|
| 049 |
|
|
|a TXAM
|c [1801951]
|
| 050 |
0 |
0 |
|a Q175.52.R9
|b T87
|
| 082 |
0 |
|
|a 447.085/3
|
| 100 |
1 |
|
|a Turchin, V. F.
|q (Valentin Fedorovich),
|d 1931-2010.
|
| 245 |
1 |
4 |
|a The inertia of fear and the scientific worldview /
|c Valentin Turchin ; translated by Guy Daniels.
|
| 264 |
|
1 |
|a New York :
|b Columbia University Press,
|c 1981.
|
| 300 |
|
|
|a xviii, 300 pages ;
|c 24 cm.
|
| 336 |
|
|
|a text
|b txt
|2 rdacontent
|
| 337 |
|
|
|a unmediated
|b n
|2 rdamedia
|
| 338 |
|
|
|a volume
|b nc
|2 rdacarrier
|
| 500 |
|
|
|a Translation from Russian.
|
| 504 |
|
|
|a Includes bibliographical references and index.
|
| 600 |
1 |
0 |
|a Turchin, V. F.
|q (Valentin Fedorovich),
|d 1931-2010.
|
| 650 |
|
0 |
|a Science
|x Social aspects
|z Soviet Union.
|
| 650 |
|
0 |
|a Science
|x Philosophy.
|
| 650 |
|
0 |
|a Physicists
|z Soviet Union
|v Biography.
|
| 650 |
|
0 |
|a Dissenters
|z Soviet Union
|v Biography.
|
| 999 |
|
|
|a MARS
|
| 999 |
f |
f |
|s 09c815d3-1f54-39b9-b10d-5b4f2135ab0a
|i 17fe9ac4-f5a8-3571-8094-9a2c4e7c8b11
|t 0
|
| 952 |
f |
f |
|p ric
|a Texas A&M University
|b Rellis Campus
|c Joint Library Facility
|d Remote Storage
|t 0
|e Q175.52.R9 T87
|h Library of Congress classification
|i unmediated -- volume
|m A14804406077
|
| 998 |
f |
f |
|a Q175.52.R9 T87
|t 0
|l Remote Storage
|